[Event "IECC CL8-2003.01 email"]
[Site "IECC email"]
[Date "2003.01.10"]
[Round "?"]
[White "Travis, Brent"]
[Black "Rellias, Paul V"]
[Result "1-0"]
[WhiteElo "1014"]
[BlackElo "789"]
[PlyCount "30"]
[EventDate "2003.??.??"]
[EventType "tourn (corr)"]
[EventRounds "4"]
[SourceTitle "Corr 2008"]
[Source "ChessBase"]
[SourceDate "2008.06.24"]
[SourceVersion "1"]
[SourceVersionDate "2008.06.24"]
[SourceQuality "1"]

1. e4 e5 2. Nf3 d6 3. d4 Nc6 4. dxe5 Nb4 5. c3 Nc6 6. Bc4 Nf6 7. exf6 gxf6 8. 0-0 Qe7 9. Re1 Bf5 10. Qb3 Bxe4 11. Qxb7 Qd8 12. Rxe4+ Be7 13. Qxc6+ Qd7 14. Qxa8+ Qd8 15. Qxa7 d5 1-0